Revisión del préstamo para la recuperación económica / CELA
Guardat en:
| Format: | Text |
|---|---|
| Matèries: | |
| Etiquetes: |
Afegir etiqueta
Sense etiquetes, Sigues el primer a etiquetar aquest registre!
|
MARC
| LEADER | 00000 a a2200000 04500 | ||
|---|---|---|---|
| 001 | 18491 | ||
| 003 | |||
| 040 | |||
| 245 | |a Revisión del préstamo para la recuperación económica / CELA | ||
| 500 | |a El título original de este documento clasificado como confidencial, suscrito por el gobierno panameño y el Banco Mundial, el 28 de junio de 1996, es "Ayuda memoria. Revisión de la ejecución del préstamo de recuperación económica y del estado de cumplimie | ||
| 650 | |a PRESTAMOS | ||
| 650 | |a RECUPERACION ECONOMICA | ||
| 650 | |a ACUERDOS ECONOMICOS | ||
| 650 | |a ASPECTOS JURIDICOS | ||
| 650 | |a INDICADORES | ||
| 650 | |a DESEMPEÑO ECONOMICO | ||
| 650 | |a ARANCELES | ||
| 773 | |g número 96; páginas 61-82 | ||
| 999 | |c 36648 |d 36648 | ||
